Statistics for The Missing Link #7

Click here to take the quiz!

General Stats

  • This quiz has been taken 57 times
  • The average score is 10 of 15

Answer Stats

Answer% Correct
Ellen DeGeneres
98%
Justin Bieber
96%
Stephen Hawking
91%
Simon Cowell
87%
Snoop Dogg
85%
Gordon Ramsay
83%
Elon Musk
79%
Richard Branson
70%
Katy Perry
64%
Russell Brand
64%
Theodore Roosevelt
64%
Ricky Gervais
57%
Stan Lee
55%
Richard Murdoch
49%
All appeared in the Simpsons as themselves
0%

Score Distribution

Percentile by Number Answered

Percent of People with Each Score

Your Score History

You have not taken this quiz